[Event "FRA-chT1 0910"]
[Site "France"]
[Date "2009.12.12"]
[Round "6.5"]
[White "Vuitton, Gilles"]
[Black "Schultz, Raphael"]
[Result "1/2-1/2"]
[WhiteElo "2154"]
[BlackElo "2209"]
[PlyCount "113"]
[EventDate "2009.09.27"]
[EventType "team-match"]
[EventRounds "11"]
[EventCountry "FRA"]
[Source "ChessBase"]
[SourceDate "2010.02.25"]

1. Nf3 c5 2. c4 Nc6 3. e3 g6 4. d4 Bg7 5. d5 Ne5 6. Nxe5 Bxe5 7. Bd3 e6 8. e4
d6 9. dxe6 Bxe6 10. Nc3 Nf6 11. Bg5 h6 12. Bd2 Ng4 13. Qe2 Bd4 14. Nd1 Ne5 15.
Bc3 Qh4 16. Bxd4 cxd4 17. g3 Qd8 18. f3 Rc8 19. b3 O-O 20. O-O Qa5 21. Nf2 a6
22. f4 Nc6 23. a3 Rfe8 24. b4 Qb6 25. Qc2 Qd8 26. Rac1 Rc7 27. Qd2 Bc8 28. b5
Nb8 29. h4 h5 30. f5 Nd7 31. fxg6 fxg6 32. Qh6 Ne5 33. Be2 Qe7 34. Qd2 d3 35.
Nxd3 Nxc4 36. Qh6 Qxe4 37. Nf4 axb5 38. Bd3 Qd4+ 39. Kh2 Qg7 40. Qg5 Rc5 41.
Qxg6 Qxg6 42. Bxg6 Ree5 43. Rfe1 Bg4 44. Nd3 Rxe1 45. Rxe1 Rc7 46. Re8+ Kg7 47.
Nf4 Ne5 48. Be4 b6 49. Ne6+ Bxe6 50. Rxe6 Rd7 51. Bd5 Nc4 52. a4 Na3 53. Bc6
Rd8 54. axb5 d5 55. Be8 d4 56. Bxh5 Rd5 57. Be2 1/2-1/2

[Event "FRA-chT1 0910"]
[Site "France"]
[Date "2009.12.12"]
[Round "6.6"]
[White "Gingene, Eric"]
[Black "Boursier, Julien"]
[Result "1-0"]
[WhiteElo "2097"]
[BlackElo "2106"]
[PlyCount "121"]
[EventDate "2009.09.27"]
[EventType "team-match"]
[EventRounds "11"]
[EventCountry "FRA"]
[Source "ChessBase"]
[SourceDate "2010.02.25"]

1. d4 d5 2. c4 c6 3. Nc3 Nf6 4. e3 e6 5. Nf3 Nbd7 6. Bd3 Bd6 7. O-O O-O 8. cxd5
exd5 9. Ne2 Ne4 10. Nd2 Re8 11. Qc2 Ndf6 12. f3 Ng5 13. Nb3 Qc7 14. h4 Ne6 15.
Bd2 Nf8 16. e4 Bh2+ 17. Kh1 dxe4 18. fxe4 Ng4 19. Rf3 Ng6 20. g3 Qe7 21. Qc5
Qd8 22. Raf1 Bxg3 23. Bg5 f6 24. Nxg3 fxg5 25. hxg5 Be6 26. Bc4 Bxc4 27. Qxc4+
Kh8 28. Qc5 h6 29. Rf7 hxg5 30. Qf5 Nf4 31. Qxg4 Re6 32. R1xf4 Rh6+ 33. Kg2 Rh4
34. Qxh4+ gxh4 35. Rf8+ Qxf8 36. Rxf8+ Rxf8 37. Nf5 g5 38. Nc5 Kh7 39. Nd7 Rd8
40. Ne5 c5 41. d5 a5 42. a4 Rb8 43. d6 b5 44. Nc6 Rb7 45. Nxa5 Ra7 46. Nc6 Rd7
47. axb5 Rb7 48. Ne5 Rxb5 49. Nc4 Rb7 50. e5 Kg6 51. e6 h3+ 52. Kh2 Kxf5 53. d7
Rb4 54. d8=Q Kxe6 55. Qd6+ Kf7 56. Qxc5 Rb3 57. Qxg5 Kf8 58. Qf6+ Kg8 59. Nd6
Rb8 60. Qg6+ Kh8 61. Nf7# 1-0

[Event "FRA-chT1 0910"]
[Site "France"]
[Date "2009.12.12"]
[Round "6.6"]
[White "Macon, Arthur"]
[Black "Pile, Richard"]
[Result "0-1"]
[WhiteElo "1888"]
[BlackElo "2301"]
[PlyCount "155"]
[EventDate "2009.09.27"]
[EventType "team-match"]
[EventRounds "11"]
[EventCountry "FRA"]
[Source "ChessBase"]
[SourceDate "2010.02.25"]

1. d4 Nf6 2. c4 e6 3. Nf3 b6 4. g3 Ba6 5. Qc2 Bb4+ 6. Bd2 c5 7. Bg2 Bb7 8. Bxb4
cxb4 9. Nbd2 O-O 10. O-O d6 11. e4 Qc7 12. Rad1 e5 13. Rfe1 a5 14. Nf1 Na6 15.
Nh4 Bc8 16. Ne3 Bg4 17. Bf3 Be6 18. dxe5 dxe5 19. Nd5 Bxd5 20. exd5 Rad8 21.
Nf5 g6 22. d6 Qc5 23. Ne7+ Kg7 24. Nc6 Rxd6 25. Nxe5 Rxd1 26. Qxd1 Re8 27. Bd5
Nc7 28. Nd3 Rxe1+ 29. Qxe1 Qd4 30. Nf4 Ncxd5 31. cxd5 Qxb2 32. d6 g5 33. Nh5+
Nxh5 34. d7 Qf6 35. Qe8 Qa1+ 36. Kg2 Nf6 37. Qe3 Qd1 38. Qxg5+ Kf8 39. Qxf6
Qxd7 40. Qxb6 Qd5+ 41. Kg1 Kg7 42. Qe3 h6 43. Qe2 Kf6 44. Qa6+ Ke5 45. Qe2+ Kf6
46. Qa6+ Kg7 47. Qe2 Qd4 48. Qc2 h5 49. h4 Qd5 50. Qb2+ Kg6 51. Qc2+ Kf6 52.
Qe2 Kg7 53. Qb2+ Kf8 54. Qh8+ Ke7 55. Qb2 Kd6 56. Qe2 Kc5 57. Qc2+ Kb5 58. Qe2+
Ka4 59. g4 hxg4 60. Qxg4 Qxa2 61. h5 Qa1+ 62. Kg2 Qf6 63. Qd7+ Ka3 64. Qh3+ b3
65. h6 Ka2 66. h7 Qg7+ 67. Kh2 Qe5+ 68. Kg2 b2 69. h8=Q Qd5+ 70. Qf3 Qxf3+ 71.
Kxf3 b1=Q 72. Qc3 Qb3 73. Qxb3+ Kxb3 74. Ke4 a4 75. Kf5 a3 76. f4 a2 77. Kg5
a1=Q 78. Kf5 0-1

[Event "FRA-chT1 0910"]
[Site "France"]
[Date "2009.12.12"]
[Round "6.6"]
[White "Marino, Olivier"]
[Black "Bafounta, Denis"]
[Result "1/2-1/2"]
[WhiteElo "2107"]
[BlackElo "2265"]
[PlyCount "120"]
[EventDate "2009.09.27"]
[EventType "team-match"]
[EventRounds "11"]
[EventCountry "FRA"]
[Source "ChessBase"]
[SourceDate "2010.02.25"]

1. e4 c5 2. Nf3 Nc6 3. Bb5 e6 4. Bxc6 bxc6 5. O-O Ne7 6. Nc3 Ng6 7. d3 Be7 8.
Ne2 O-O 9. h3 f5 10. e5 Qc7 11. d4 cxd4 12. Qxd4 c5 13. Qc3 Bb7 14. Nf4 Nh8 15.
Ne1 Nf7 16. Nfd3 Rac8 17. f4 c4 18. Nf2 d6 19. exd6 Nxd6 20. Qe3 Bd5 21. Kh2
Rf6 22. Nf3 Rg6 23. Rd1 Ne8 24. Rxd5 exd5 25. Ne5 Re6 26. Qf3 Nf6 27. Nd1 d4
28. c3 Qb6 29. cxd4 Qxd4 30. Qb7 Rf8 31. Be3 Qd5 32. Qxa7 Ne4 33. Qc7 Kh8 34.
Qxc4 Qxc4 35. Nxc4 Bf6 36. Rb1 Rc6 37. b3 Rb8 38. Rc1 Bh4 39. g4 fxg4 40. hxg4
Be7 41. Ndb2 Rd8 42. Re1 Bb4 43. Re2 Nc3 44. Rc2 Nd5 45. Bc1 Nb6 46. Re2 Nxc4
47. Nxc4 Bc3 48. Ba3 Ra6 49. Bc5 h6 50. g5 hxg5 51. fxg5 Kh7 52. Rc2 Ba1 53.
Kh3 Rd1 54. Kg4 Kg6 55. Re2 Bd4 56. Be7 Rg1+ 57. Kf4 Rf1+ 58. Kg4 Rg1+ 59. Kf4
Rf1+ 60. Kg4 Rg1+ 1/2-1/2

[Event "FRA-chT1 0910"]
[Site "France"]
[Date "2009.12.12"]
[Round "6.6"]
[White "Picard, Clement"]
[Black "Stephan, Jean Marie"]
[Result "0-1"]
[WhiteElo "2183"]
[BlackElo "2238"]
[PlyCount "144"]
[EventDate "2009.09.27"]
[EventType "team-match"]
[EventRounds "11"]
[EventCountry "FRA"]
[Source "ChessBase"]
[SourceDate "2010.02.25"]

1. e4 c5 2. Nf3 d6 3. Bc4 Nf6 4. d3 g6 5. O-O Bg7 6. c3 O-O 7. Re1 Nc6 8. Bb3
a6 9. h3 e5 10. Nbd2 h6 11. Nf1 Re8 12. N3h2 d5 13. Qf3 Be6 14. Bc2 d4 15. Bd2
b5 16. Ng3 dxc3 17. bxc3 c4 18. Red1 Qe7 19. a4 cxd3 20. Qxd3 Red8 21. Qf3 bxa4
22. Bxa4 Na5 23. Be3 Nc4 24. Bc1 Nd7 25. Nhf1 Nc5 26. Bc2 a5 27. Ne3 Nxe3 28.
Qxe3 Nb3 29. Ba3 Qc7 30. Rab1 a4 31. Ne2 Rdc8 32. Bb4 h5 33. Nc1 Na5 34. Ra1
Nc4 35. Qe2 Nb2 36. Re1 Bh6 37. Bb1 Nc4 38. Bc2 Qc6 39. Rd1 Bf8 40. Nd3 a3 41.
Bb1 Qb5 42. Re1 Nb6 43. Bxf8 Kxf8 44. Qd2 a2 45. Bc2 Kg7 46. Nb4 Qc5 47. Qe3
Qxe3 48. Rxe3 Ra3 49. Bd1 Rcxc3 50. Rxc3 Rxc3 51. Nxa2 Bxa2 52. Bxh5 Be6 53.
Be2 Rc2 54. Bb5 Nc4 55. Bxc4 Rxc4 56. Re1 Rc2 57. f3 Rc5 58. Re2 f5 59. exf5
gxf5 60. Kf2 Kf6 61. Rb2 Ra5 62. Kg3 f4+ 63. Kh2 Ra2 64. Rb4 Bd5 65. Kg1 Kf5
66. Rb5 Rd2 67. Rb8 e4 68. fxe4+ Kxe4 69. Rf8 Ke3 70. Re8+ Be4 71. Kh1 Re2 72.
h4 Kf2 0-1

[Event "FRA-chT1 0910"]
[Site "France"]
[Date "2009.12.12"]
[Round "6.6"]
[White "Schabanel, Stephane"]
[Black "Jossien, Remy"]
[Result "1-0"]
[WhiteElo "2246"]
[BlackElo "2278"]
[PlyCount "117"]
[EventDate "2009.09.27"]
[EventType "team-match"]
[EventRounds "11"]
[EventCountry "FRA"]
[Source "ChessBase"]
[SourceDate "2010.02.25"]

1. d4 d5 2. c4 e6 3. Nc3 Nf6 4. cxd5 exd5 5. Bg5 Be7 6. e3 O-O 7. Bd3 Nbd7 8.
Nge2 Re8 9. O-O b6 10. Bb5 Bb7 11. Bxf6 Nxf6 12. Bxe8 Qxe8 13. Nf4 a6 14. Rc1
Qd7 15. Nd3 Bd6 16. f4 Re8 17. Ne5 Qd8 18. Qb3 g6 19. e4 c5 20. dxc5 Bxc5+ 21.
Kh1 Qa8 22. Rcd1 Rf8 23. exd5 b5 24. a3 Rd8 25. Qc2 Bf8 26. f5 g5 27. Nc6 Bxc6
28. dxc6 Rc8 29. Qd2 h6 30. Nd5 Nxd5 31. Qxd5 Qxc6 32. Qxc6 Rxc6 33. Rc1 Rf6
34. g4 Bg7 35. Rc8+ Kh7 36. Rd1 h5 37. b3 hxg4 38. Rd5 Rh6 39. Kg2 Bb2 40. a4
bxa4 41. bxa4 Kg7 42. Ra5 Ba3 43. f6+ Rxf6 44. Rxg5+ Kh7 45. Rxg4 Re6 46. Rc3
Bf8 47. Rh3+ Bh6 48. Rh5 Rc6 49. Rf5 Rc2+ 50. Rf2 Rc7 51. Rf6 Bc1 52. Rxa6 f5
53. Rd4 f4 54. Rd3 Kg8 55. Kf3 Kf8 56. a5 Ke7 57. Rh6 Rc5 58. a6 Ra5 59. Rb3
1-0

[Event "FRA-chT1 0910"]
[Site "France"]
[Date "2009.12.12"]
[Round "6.7"]
[White "Brih, Touatia"]
[Black "Lamoureux, Isabelle"]
[Result "0-1"]
[WhiteElo "1958"]
[BlackElo "2086"]
[PlyCount "148"]
[EventDate "2009.09.27"]
[EventType "team-match"]
[EventRounds "11"]
[EventCountry "FRA"]
[Source "ChessBase"]
[SourceDate "2010.02.25"]

1. Nf3 d5 2. d4 Bf5 3. g3 Nf6 4. Bg2 e6 5. O-O Be7 6. Nbd2 Nbd7 7. Re1 O-O 8.
c4 c6 9. b3 Bb4 10. Bb2 Ne4 11. a3 Be7 12. Nxe4 Bxe4 13. Nd2 Bxg2 14. Kxg2 Qc7
15. e4 dxe4 16. Nxe4 Nf6 17. d5 Nxe4 18. Rxe4 cxd5 19. cxd5 exd5 20. Rg4 g6 21.
Qd4 f6 22. Qxd5+ Rf7 23. Rc1 Qb6 24. Rgc4 Rd8 25. Rc8 Kg7 26. Rxd8 Qxd8 27.
Qxd8 Bxd8 28. Bd4 a6 29. Kf3 Rd7 30. Ke4 Kf7 31. f4 f5+ 32. Ke3 Ke6 33. Rc4 Bc7
34. b4 Bd6 35. Rc8 Rc7 36. Rh8 Rd7 37. Re8+ Re7 38. Rxe7+ Bxe7 39. Kd3 Kd5 40.
Bb6 Kc6 41. Bd4 b5 42. Be5 Bd8 43. Bc3 Kd5 44. Bd2 Bb6 45. Bc3 Bg1 46. h3 h5
47. Be1 Bd4 48. h4 Bg1 49. Bc3 Bf2 50. Bf6 Bxg3 51. Bg5 Bf2 52. Bf6 Bb6 53. Bc3
Bd8 54. Be1 Bf6 55. Bf2 Bb2 56. Be3 Bf6 57. Bf2 Bd8 58. Bg3 a5 59. Be1 axb4 60.
axb4 Be7 61. Bc3 Bxh4 62. Bg7 Be1 63. Bf8 h4 64. Ke2 Bc3 65. Be7 h3 66. Kf2 Kc4
67. Kg3 Bxb4 68. Bd8 Bd6 69. Bg5 b4 70. Kxh3 b3 71. Bf6 Bxf4 72. Kh4 g5+ 73.
Kh5 Kd5 74. Bb2 Be5 0-1

[Event "FRA-chT1 0910"]
[Site "France"]
[Date "2009.12.12"]
[Round "6.8"]
[White "Forestier, Carole"]
[Black "Jeannerot, Lea"]
[Result "1-0"]
[WhiteElo "2124"]
[BlackElo "2019"]
[PlyCount "135"]
[EventDate "2009.09.27"]
[EventType "team-match"]
[EventRounds "11"]
[EventCountry "FRA"]
[Source "ChessBase"]
[SourceDate "2010.02.25"]

1. d4 d5 2. Nf3 Nf6 3. c4 e6 4. Nc3 c6 5. e3 Bd6 6. Bd3 Nbd7 7. O-O O-O 8. e4
dxe4 9. Nxe4 Nxe4 10. Bxe4 Nf6 11. Bc2 h6 12. Ne5 c5 13. Be3 Qc7 14. Nf3 Rd8
15. Qe2 b6 16. h3 Bb7 17. Rad1 Rac8 18. b3 Rd7 19. d5 Re8 20. dxe6 fxe6 21. Bc1
Bxf3 22. Qxf3 Be5 23. Rxd7 Qxd7 24. Re1 Bd4 25. Qg3 Rf8 26. Rf1 Kh8 27. Qg6 Qf7
28. Qd3 e5 29. Be3 Rd8 30. Re1 e4 31. Qe2 Be5 32. Rd1 Re8 33. a3 Qe7 34. Qd2
Bc7 35. b4 Rd8 36. Qe1 Rxd1 37. Bxd1 cxb4 38. axb4 Bd6 39. Bd2 Qe5 40. g3 Qd4
41. Qe2 Qd3 42. Kg2 Nd7 43. Qxd3 exd3 44. f4 Nb8 45. Kf3 g5 46. Ke4 Na6 47. b5
Nc5+ 48. Kd5 Be7 49. f5 Kg7 50. Bc3+ Bf6 51. Bb4 Nd7 52. Bd6 Bb2 53. Ke4 d2 54.
Bb4 Kf6 55. g4 Bc1 56. Kd5 Bb2 57. Bxd2 Ba1 58. Be3 Bb2 59. Be2 Ke7 60. Kc6 Be5
61. Kb7 Bb8 62. Bf3 Bd6 63. Kxa7 Ne5 64. Bd5 Nd7 65. Be6 Bc5 66. Bxc5+ Nxc5 67.
Kxb6 Kd6 68. Ka7 1-0

[Event "FRA-chT1 0910"]
[Site "France"]
[Date "2009.12.12"]
[Round "6.8"]
[White "Wasylyk, Laure"]
[Black "Bonvalot, Isabelle"]
[Result "0-1"]
[WhiteElo "2006"]
[BlackElo "1904"]
[PlyCount "140"]
[EventDate "2009.09.27"]
[EventType "team-match"]
[EventRounds "11"]
[EventCountry "FRA"]
[Source "ChessBase"]
[SourceDate "2010.02.25"]

1. e4 g6 2. d4 Bg7 3. Nc3 d6 4. Bc4 Nc6 5. Be3 Nf6 6. f3 a6 7. a4 Rb8 8. Nge2
Bd7 9. O-O O-O 10. Qd2 e5 11. d5 Ne7 12. Bh6 Nh5 13. Bxg7 Nxg7 14. f4 exf4 15.
Nxf4 g5 16. Nd3 Ng6 17. Rae1 f6 18. Bb3 Qe7 19. Re3 Ne5 20. Nxe5 Qxe5 21. Qe2
h5 22. Qf2 h4 23. Nd1 Nh5 24. g3 hxg3 25. hxg3 Kg7 26. Qf3 Rh8 27. Kf2 b5 28.
axb5 Bxb5 29. Rh1 Kg6 30. c4 Bd7 31. Rc3 Ng7 32. Rxh8 Rxh8 33. Ke1 Nf5 34. Qg2
Nd4 35. Bc2 Bh3 36. Qf2 Bg4 37. Qg2 Nxc2+ 38. Rxc2 Qd4 39. Nf2 Qe3+ 40. Kf1 Bf3
41. Qg1 g4 42. b4 Qd4 43. Rc1 Rh1 44. Qxh1 Bxh1 45. Nxh1 Qd2 46. Ra1 Qd3+ 47.
Kg2 Qxe4+ 48. Kh2 Qxc4 49. Nf2 Qd4 50. Ra2 f5 51. Kg1 Qc4 52. Ra5 Qe2 53. Ra3
Qe1+ 54. Kg2 Qxb4 55. Rxa6 Qb5 56. Ra7 Qxd5+ 57. Kf1 c5 58. Ra3 c4 59. Ke2 Qc5
60. Re3 Qd5 61. Nd1 Kf6 62. Rc3 Qg2+ 63. Ke1 d5 64. Nf2 Kg5 65. Rc2 Qxg3 66.
Rd2 Qe3+ 67. Kd1 d4 68. Re2 Qf3 69. Ke1 d3 70. Ra2 c3 0-1

[Event "FRA-chT1 0910"]
[Site "France"]
[Date "2009.12.13"]
[Round "7.1"]
[White "Demuth, Adrien"]
[Black "Pham Minh Hoang"]
[Result "1-0"]
[WhiteElo "2387"]
[BlackElo "2486"]
[PlyCount "90"]
[EventDate "2009.09.27"]
[EventType "team-match"]
[EventRounds "11"]
[EventCountry "FRA"]
[Source "ChessBase"]
[SourceDate "2010.02.25"]
[WhiteTeam "Niort"]
[BlackTeam "Sautron"]

1. d4 Nf6 2. c4 e6 3. Nf3 b6 4. a3 Bb7 5. Nc3 d5 6. cxd5 exd5 (6... Nxd5 $142)
7. g3 Be7 8. Bg2 O-O 9. O-O Nbd7 10. b4 ({RR} 10. Qc2 Re8 11. Bf4 a6 12. Rfd1
Nf8 13. Rac1 Ne6 14. Ng5 Nxf4 15. gxf4 g6 16. e3 Bd6 17. Qb3 Bf8 18. Nf3 Rb8
19. Ne5 Re6 20. Qa2 Rd6 21. b4 c6 22. Rd2 Kg7 23. Rdc2 Ng8 24. Na4 Ne7 {
Polugaevsky,L (2600)-Short,N (2575)/Biel 1985/IZT/1-0 (50)}) (10. Bf4 $142)
10... c6 11. Qb3 Re8 $146 ({RR} 11... b5 12. Bf4 Nb6 13. Nd2 Bd6 14. Kh1 Nc4 {
1/2-1/2 Eisele,S-Beutelhoff,J/Bad Urach 1986/EXT 1997}) ({RR} 11... a5 12. Bf4
Re8 13. b5 c5 14. Ne5 cxd4 15. Na4 Nc5 16. Qd1 Bd6 17. Nd3 Nce4 18. Ndc5 bxc5
19. Bc1 Rb8 20. f3 Nc3 21. Nxc3 dxc3 22. a4 d4 23. Qd3 Qc7 24. e4 c4 25. Qd1 d3
{0-1 Santa Torres,J (2230)-Bammoune,A/Dubai 1986/TD}) 12. Bb2 Bd6 13. Rfe1 Ne4
14. Rad1 Qe7 15. Nxe4 dxe4 16. Nd2 Nf6 17. Nc4 Qe6 18. Qc2 Bf8 19. Ne5 a5 20.
bxa5 Rxa5 21. e3 b5 22. Ra1 Rea8 23. Rec1 R5a6 24. h3 Bd6 25. Ng4 Nxg4 26. hxg4
Re8 27. Qd1 Bc8 28. Bf1 Qxg4 29. Qxg4 Bxg4 30. d5 Bd7 31. a4 Rb8 32. dxc6 Bxc6
33. axb5 Rxa1 34. Bxa1 Bxb5 35. Rd1 Bxf1 36. Kxf1 Be7 37. Rd7 Bf8 38. Kg2 Re8
39. g4 f6 40. Bd4 Re7 41. Rd5 Re6 42. g5 fxg5 43. Rxg5 h6 44. Rd5 Be7 45. Kg3
Rd6 1-0

[Event "FRA-chT1 0910"]
[Site "France"]
[Date "2009.12.13"]
[Round "7.1"]
[White "Gachet, Sebastien"]
[Black "Rodriguez, Amador"]
[Result "0-1"]
[WhiteElo "2320"]
[BlackElo "2456"]
[PlyCount "120"]
[EventDate "2009.09.27"]
[EventType "team-match"]
[EventRounds "11"]
[EventCountry "FRA"]
[Source "ChessBase"]
[SourceDate "2010.02.25"]

1. e4 e5 2. Nf3 Nc6 3. Bc4 Bc5 4. O-O Nf6 5. d3 d6 6. h3 Be6 7. Bxe6 fxe6 8. c3
Bb6 9. b4 Qd7 10. Nbd2 a6 11. a4 O-O 12. Rb1 Ba7 13. b5 Na5 14. Ba3 Bb6 15. Bb4
h6 16. c4 axb5 17. axb5 c5 18. Bc3 Bc7 19. b6 Bd8 20. Rb5 Nc6 21. Qb3 Nh5 22.
g3 Qf7 23. Nh2 Qg6 24. Kh1 Bg5 25. Ndf3 Rf7 26. Qd1 Raf8 27. Qe2 Bd8 28. Rb2
Nf6 29. Nh4 Qh7 30. N4f3 Nd7 31. Rfb1 g5 32. Qe3 Qg6 33. Ng1 Nd4 34. f3 h5 35.
Qe1 Qh7 36. Qd1 Qg7 37. Bd2 Qg6 38. Be3 Rh7 39. Kg2 Nf6 40. Qd2 g4 41. fxg4
hxg4 42. Nxg4 Nxg4 43. hxg4 Qxg4 44. Bxd4 exd4 45. Qe2 Qg6 46. Rf1 Rxf1 47.
Qxf1 Qh5 48. Nf3 Rf7 49. Qe2 Rh7 50. Rb1 Bg5 51. Qf1 Be3 52. Nh4 Qg4 53. Qf6
Rg7 54. Qd8+ Kh7 55. Nf5 Qe2+ 56. Kh3 exf5 57. Qh4+ Bh6 58. exf5 Qxd3 59. f6
Qxb1 60. fxg7 Qh1+ 0-1

[Event "FRA-chT1 0910"]
[Site "France"]
[Date "2009.12.13"]
[Round "7.1"]
[White "Rombaldoni, Denis"]
[Black "Hunt, Adam"]
[Result "1-0"]
[WhiteElo "2504"]
[BlackElo "2427"]
[PlyCount "143"]
[EventDate "2009.09.27"]
[EventType "team-match"]
[EventRounds "11"]
[EventCountry "FRA"]
[Source "ChessBase"]
[SourceDate "2010.02.25"]

1. e4 c5 2. Nf3 d6 3. d4 cxd4 4. Nxd4 Nf6 5. Nc3 a6 6. h3 e6 7. g4 d5 8. exd5
Nxd5 9. Bd2 Bb4 10. Nxd5 Bxd2+ 11. Qxd2 Qxd5 12. Rg1 O-O 13. Bg2 Qe5+ 14. Qe3
Qa5+ 15. c3 Nd7 16. Nb3 Qc7 17. O-O-O a5 18. Nd4 a4 19. Nb5 Qc4 20. Bf1 Qxa2
21. Na3 b5 22. Bxb5 Rb8 23. Qa7 Bb7 24. Qxa4 Bd5 25. Nb1 Nc5 26. Qxa2 Bxa2 27.
Na3 Bb3 28. Rd6 Rfc8 29. Kb1 Ba4 30. c4 Bxb5 31. cxb5 Ne4 32. Rc6 Nxf2 33.
Rxc8+ Rxc8 34. Rc1 Rxc1+ 35. Kxc1 Kf8 36. b6 Nd3+ 37. Kc2 Nc5 38. b4 Nd7 39.
Nc4 Ke7 40. Kb3 f5 41. Ka4 f4 42. Kb5 Nb8 43. b7 f3 44. Kb6 f2 45. Nd2 Kd8 46.
g5 e5 47. b5 Nd7+ 48. Kc6 e4 49. Nf1 g6 50. h4 Nb8+ 51. Kb6 Nd7+ 52. Kc6 Nb8+
53. Kd6 Nd7 54. Ne3 Nb8 55. b6 Na6 56. Nf1 Ke8 57. Ne3 Kd8 58. Ke5 Ke7 59. Kxe4
Nc5+ 60. Kf3 Nxb7 61. Kxf2 Kd6 62. Ng4 Kc6 63. Nf6 Nd6 64. Kf3 Kxb6 65. Nxh7
Nf5 66. Kg4 Ne7 67. Nf8 Kc6 68. Nxg6 Nxg6 69. h5 Ne7 70. h6 Kd6 71. h7 Ng6 72.
Kh5 1-0

[Event "FRA-chT1 0910"]
[Site "France"]
[Date "2009.12.13"]
[Round "7.1"]
[White "Spraggett, Kevin"]
[Black "Mullon, Jean Baptiste"]
[Result "0-1"]
[WhiteElo "2594"]
[BlackElo "2437"]
[PlyCount "126"]
[EventDate "2009.09.27"]
[EventType "team-match"]
[EventRounds "11"]
[EventCountry "FRA"]
[Source "ChessBase"]
[SourceDate "2010.02.25"]
[WhiteTeam "Gif/yvette"]
[BlackTeam "Clichy"]

1. e4 c5 2. Nf3 e6 3. d4 cxd4 4. Nxd4 a6 5. Bd3 Bc5 6. Nb3 Be7 7. Be3 d6 8.
N1d2 Nf6 9. f4 Nbd7 10. Qf3 Qc7 11. g4 h6 12. h4 h5 $1 13. gxh5 Nxh5 $146 ({RR
} 13... b6 14. Rg1 Nxh5 15. O-O-O Bb7 16. Qe2 g6 17. Nf3 Bf6 18. Ng5 Nc5 19.
Nxc5 bxc5 20. f5 d5 21. fxe6 fxe6 22. exd5 Nf4 23. Bxf4 Qxf4+ 24. Kb1 {1-0
Ginsburg,G (2483)-Ciuksyte,D (2295)/Zuerich 2003/CBM 097 ext}) 14. O-O-O e5 15.
f5 b5 16. Kb1 Bb7 $132 17. c4 (17. Rhg1 Kf8) 17... b4 18. c5 dxc5 19. Nc4 a5
20. Rhg1 a4 $36 21. Nbd2 a3 22. b3 O-O-O $17 23. Bc2 Bf6 24. Qf2 Nf4 25. Rg4
Ba6 26. Rc1 Kb8 27. Qh2 Rhe8 28. Qf2 Rc8 29. Qh2 Ka8 30. h5 Nb6 31. Nxb6+ Qxb6
32. Nc4 Bxc4 33. bxc4 Qc7 34. h6 gxh6 35. Qxh6 Qb6 36. Qh2 Rh8 37. Qf2 Rh3 38.
Rd1 Rd8 39. Rxd8+ (39. Bxc5 Qc6 $13) 39... Qxd8 40. Rg1 b3 41. axb3 Bh4 42. Qd2
Qxd2 43. Bxd2 Ne2 44. Rf1 Nd4 45. Bd1 Rh2 46. Bc1 a2+ 47. Ka1 Bf2 48. Kxa2 Nc6
49. Kb1 f6 50. Bd2 Kb7 51. Kc1 Bd4 52. Bf3 Bb2+ 53. Kd1 Nd4 54. b4 Rh3 55. Be2
Ra3 56. Ke1 cxb4 57. Bd1 Bc3 58. Rh1 Ra2 59. Bxc3 bxc3 60. Rh3 c2 61. Bxc2
Nxc2+ 62. Kd1 Kc6 63. Kc1 Nd4 0-1

[Event "FRA-chT1 0910"]
[Site "France"]
[Date "2009.12.13"]
[Round "7.2"]
[White "Metzger, Clement"]
[Black "Piankov, Evgenij"]
[Result "1/2-1/2"]
[WhiteElo "2172"]
[BlackElo "2375"]
[PlyCount "105"]
[EventDate "2009.09.27"]
[EventType "team-match"]
[EventRounds "11"]
[EventCountry "FRA"]
[Source "ChessBase"]
[SourceDate "2010.02.25"]

1. e4 g6 2. d4 Bg7 3. Nf3 c6 4. c4 d5 5. exd5 cxd5 6. Nc3 Nf6 7. Bg5 Ne4 8. Bf4
Nxc3 9. bxc3 Nc6 10. Be2 O-O 11. O-O dxc4 12. Bxc4 Na5 13. Be2 Be6 14. Qa4 Rc8
15. Rac1 Bc4 16. Rfe1 Re8 17. Be5 b5 18. Qa3 Bf8 19. Bxc4 Rxc4 20. Nd2 Ra4 21.
Qc5 a6 22. Ne4 Rxa2 23. d5 Nc4 24. Bc7 Qd7 25. d6 Kh8 26. Nf6 exf6 27. Rxe8
Qxe8 28. d7 Qe7 29. Qd4 Rd2 30. d8=Q Rxd4 31. cxd4 Kg7 32. Qxe7 Bxe7 33. d5 f5
34. Rd1 Bd6 35. Bxd6 Nxd6 36. Ra1 Kf6 37. f4 Ne4 38. Rxa6+ Ke7 39. Rb6 Nc3 40.
g3 Nxd5 41. Rxb5 Nf6 42. Kg2 h5 43. Rb7+ Kf8 44. Kf3 Kg7 45. Rb6 Ng4 46. h3 Nf6
47. Ra6 Ng8 48. Ke3 Nf6 49. Kd4 Nd7 50. Ra7 Nf6 51. Ke5 Ng8 52. Ra6 Nh6 53. Ra8
1/2-1/2

[Event "FRA-chT1 0910"]
[Site "France"]
[Date "2009.12.13"]
[Round "7.2"]
[White "Pile, Richard"]
[Black "Picard, Romain"]
[Result "1/2-1/2"]
[WhiteElo "2320"]
[BlackElo "2376"]
[PlyCount "98"]
[EventDate "2009.09.27"]
[EventType "team-match"]
[EventRounds "11"]
[EventCountry "FRA"]
[Source "ChessBase"]
[SourceDate "2010.02.25"]

1. c4 b6 2. d4 e6 3. a3 Bb7 4. Nc3 Nf6 5. Nf3 d5 6. Bg5 Be7 7. e3 O-O 8. Rc1 c5
9. dxc5 bxc5 10. Be2 Nbd7 11. O-O Qb6 12. Rc2 Rfd8 13. Rd2 Rab8 14. Qc2 dxc4
15. Rfd1 Nf8 16. Ne5 Qb3 17. Nxc4 Qxc2 18. Rxc2 Rxd1+ 19. Bxd1 Ng6 20. Bf3 Ba6
21. Na5 Ne5 22. Be2 Bxe2 23. Rxe2 Nd5 24. Bxe7 Nxe7 25. Rd2 Kf8 26. f4 N5c6 27.
Nxc6 Nxc6 28. Ne4 c4 29. Rd6 Rb6 30. Rd7 Ke8 31. Rc7 Kd8 32. Rxf7 Rxb2 33. Rxg7
Rb3 34. Kf2 Rxa3 35. Rxh7 c3 36. Nxc3 Rxc3 37. g4 a5 38. g5 Ke8 39. h4 a4 40.
Rh8+ Kf7 41. h5 a3 42. Ra8 Rc2+ 43. Kg3 a2 44. e4 Re2 45. f5 Rxe4 46. fxe6+
Kxe6 47. Rxa2 Kf5 48. g6 Re3+ 49. Kg2 Ne7 1/2-1/2

[Event "FRA-chT1 0910"]
[Site "France"]
[Date "2009.12.13"]
[Round "7.3"]
[White "Chirila, Ioan Cristian"]
[Black "Murey, Jacob"]
[Result "1/2-1/2"]
[WhiteElo "2510"]
[BlackElo "2410"]
[PlyCount "39"]
[EventDate "2009.09.27"]
[EventType "team-match"]
[EventRounds "11"]
[EventCountry "FRA"]
[Source "ChessBase"]
[SourceDate "2010.02.25"]
[BlackTeam "Grasse Echecs"]

1. e4 e6 2. d4 d5 3. Nc3 Nf6 4. Bg5 Bb4 5. e5 h6 6. Bd2 Bxc3 7. bxc3 Ne4 8. Qg4
g6 9. Bd3 Bd7 10. Nf3 Bc6 11. h4 Nd7 12. Be3 Nb6 13. Bxe4 dxe4 14. Nd2 Qd5 15.
Qe2 Bb5 16. Qg4 O-O-O 17. Qxe4 Qd7 18. f3 Ba6 19. Kf2 Bb5 20. Rab1 1/2-1/2

[Event "FRA-chT1 0910"]
[Site "France"]
[Date "2009.12.13"]
[Round "7.5"]
[White "San Emeterio Cabanes, Jose Luis"]
[Black "Jossien, Arnaud"]
[Result "1/2-1/2"]
[WhiteElo "2393"]
[BlackElo "2363"]
[PlyCount "124"]
[EventDate "2009.09.27"]
[EventType "team-match"]
[EventRounds "11"]
[EventCountry "FRA"]
[Source "ChessBase"]
[SourceDate "2010.02.25"]

1. d4 Nf6 2. Bg5 c5 3. Nc3 Qa5 4. Bxf6 gxf6 5. e3 cxd4 6. exd4 f5 7. g3 Bg7 8.
Nge2 Nc6 9. Bg2 Qb4 10. O-O O-O 11. Rb1 e6 12. a3 Qc4 13. d5 Ne7 14. Nf4 Rb8
15. dxe6 dxe6 16. Qd6 Nc6 17. Bxc6 Qxc6 18. Qxb8 b6 19. Ncd5 exd5 20. Nh5 Ba6
21. Qf4 Bxf1 22. Nxg7 Kxg7 23. Rxf1 Qe6 24. Rd1 Re8 25. Qd4+ Qf6 26. Kf1 Re4
27. Qxf6+ Kxf6 28. Rxd5 Ke6 29. Rd8 Rc4 30. c3 f4 31. Rh8 f3 32. Rxh7 Re4 33.
Rh4 Re2 34. Rf4 Rxb2 35. Rxf3 Ra2 36. Re3+ Kf6 37. c4 Rc2 38. h4 Rxc4 39. Kg2
Rc2 40. g4 Ra2 41. Rf3+ Kg7 42. g5 Rc2 43. Kg3 Rc4 44. h5 b5 45. Rd3 Rc7 46.
Kg4 a5 47. f4 b4 48. axb4 axb4 49. h6+ Kh7 50. Kf5 Rb7 51. Rb3 Rb6 52. Ke4 Rb5
53. f5 Rb6 54. Kf4 Kg8 55. Ke5 Kh7 56. Kd5 Rb5+ 57. Ke4 Rb6 58. Ke5 Kg8 59. Kd4
Rb5 60. g6 Rxf5 61. gxf7+ Rxf7 62. Rxb4 Rf4+ 1/2-1/2